00374nam a2200109 a 4500008004100000020001500041050001500056245005900071246007100130260005400201350000900255120416s1992 ||||||||||||||||| || u a0852988036 aTJ 755 Com10aProceedings of the Institution of mechanical engineers acombustion in engines technology, applications and the environment aLondonbInstitute of Mechanical Engineeringc1992 a0.00